Word Ladder: Changing Acceleration Quiz Stats

Quiz Updated Apr 13, 2015

Challenge
Share
Tweet
Embed
Score 0/22 Timer 02:00
0 Plays Today
Clue 4-Letter Word % Correct
Go from solid to liquidMELT
96.8%
Vegetarian avoidanceMEAT
96.3%
Put a car in a spacePARK
96.2%
A role in a playPART
95.4%
Force a door shut quicklySLAM
94.9%
Bring your hands togetherCLAP
94.7%
Milkshake relativeMALT
93.6%
Apu's Kwik-E-____MART
93.4%
An apartment in the UKFLAT
92.7%
Where a gymnast balancesBEAM
92.6%
Where two pieces of fabric meetSEAM
92.3%
Clue 4-Letter Word % Correct
Kodiak or polar, e.g.BEAR
91.6%
Similar to a hitSLAP
91.5%
A noteworthy achievementFEAT
90.9%
Aquatic vehicleBOAT
90.9%
A pig-like animalBOAR
90.7%
A benefit of a jobPERK
89.7%
A family groupCLAN
89.3%
A custardy dessertFLAN
88.2%
A loser or pest
or a change in acceleration
JERK
67.6%
Cartoon dog voiced by John TravoltaBOLT
64.3%
A high caffeine drink
or a change in acceleration
JOLT
55.1%

Today's Daily Dose

You're not logged in!

Compare scores with friends on all Sporcle quizzes.
Join for Free
OR
Log In

You Might Also Like...

Show Comments

Extras

Top Quizzes Today


Score Distribution

Your Account Isn't Verified!

In order to create a playlist on Sporcle, you need to verify the email address you used during registration. Go to your Sporcle Settings to finish the process.

Report this User

Report this user for behavior that violates our Community Guidelines.

Details: